LIBRARY & INFORMATION CENTRE, KCAET, TAVANUR

ONLINE PUBLIC ACCESS CATALOGUE (OPAC)

Biomass energy system / (Record no. 18144)

MARC details
000 -LEADER
fixed length control field 00418nam a2200157 4500
003 - CONTROL NUMBER IDENTIFIER
control field OSt
008 - FIXED-LENGTH DATA ELEMENTS--GENERAL INFORMATION
fixed length control field 241030b |||||||| |||| 00| 0 eng d
041 ## - LANGUAGE CODE
Language code of text/sound track or separate title eng
082 ## - DEWEY DECIMAL CLASSIFICATION NUMBER
Classification number 621.47
Item number RAM/BI
245 ## - TITLE STATEMENT
Title Biomass energy system /
260 ## - PUBLICATION, DISTRIBUTION, ETC. (IMPRINT)
Place of publication New Delhi :
Name of publisher Tata Energy Research Institute,
Year of publication 1997.
300 ## - PHYSICAL DESCRIPTION
Number of Pages 478p.
700 ## - ADDED ENTRY--PERSONAL NAME
Personal name Venkata Ramana P (editor.)
700 ## - ADDED ENTRY--PERSONAL NAME
Personal name Srinivas S N (editor.)
942 ## - ADDED ENTRY ELEMENTS (KOHA)
Koha item type Books
Holdings
Withdrawn status Lost status Damaged status Home library Current library Shelving location Date acquired Full call number Accession Number Koha item type
      KAUAET KAUAET Shelf- 7A 30/10/2024 621.47 RAM/BI 20108 Books
free website counter